Loading...
| History - Other | 0 | 2 | 0 | 0 | 20 | 66 | 68.00 | 0 | 0 | 8.73 | 11.11 |
| Fine Arts - Other | 0 | 2 | 0 | 1 | 20 | 74 | 94.00 | 0 | 0 | 3.90 | 6.48 |
| Geography | 0 | 2 | 0 | 0 | 20 | 39 | 62.50 | 1 | 1 | 17.07 | 33.33 |
| Social Science | 0 | 1 | 0 | 0 | 10 | 48 | 48.00 | 0 | 1 | 8.97 | 12.50 |
| Mythology | 0 | 1 | 0 | 0 | 10 | 53 | 53.00 | 1 | 1 | 4.85 | 11.11 |
| Science - Other | 0 | 1 | 0 | 1 | 10 | 110 | 110.00 | 0 | 0 | 0.00 | 1.85 |
| Fine Arts - Classical Music | 0 | 1 | 0 | 0 | 10 | 69 | 69.00 | 0 | 1 | 4.27 | 10.00 |
| History - American | 0 | 1 | 1 | 0 | 5 | 66 | 66.00 | 0 | 0 | 4.68 | 2.78 |
| Science - Physics | 0 | 0 | 0 | 0 | 0 | 0.00 | 0 | 0 | 0.00 | 0.00 | |
| Science - Chemistry | 0 | 0 | 0 | 0 | 0 | 0.00 | 0 | 0 | 0.00 | 0.00 |